000 00424nam a22001817a 4500
003 NUST
020 _a9788126528158
038 _akhadija
082 _a621.4021
_bMOR
100 _aMoran, Michael J.
245 _aFundamentals of Engineering Thermodynamics
250 _a6th ed.
260 _aNew Delhi :
_bJohn Wiley,
_c2012.
300 _a725 p. ;
_b24 cm.
500 _aPaperback.
563 _aPB
942 _cBK
_2ddc
999 _c33502
_d33502